Ivory Coast 2026 World Cup Squad - Statistics

General Stats
  • This quiz has been taken 5 times
  • The average score is 16 of 27
Answer Stats
Hint Answer % Correct
MF Seko Fofana
100%
DF Wilfried Singo
100%
GK Yahia Fofana
100%
FW Amad Dıallo
75%
FW Ange-Yoan Bonny
75%
DF Evan Ndicka
75%
MF Franck Kessie
75%
MF Ibrahım Sangare
75%
FW Nıcolas Pepe
75%
DF Odilon Kossounou
75%
DF Ousmane Diomande
75%
FW Yan Diomande
75%
GK Alban Lafont
50%
FW Bazouma Toure
50%
MF Christ Oulai
50%
FW Elye Wahi
50%
DF Emmanuel Agbadou
50%
FW Evann Guessand
50%
DF Ghislan Konan
50%
DF Guela Doue
50%
MF Jean-Michael Seri
50%
FW Simon Adingra
50%
DF Clement Akpa
25%
Manager Emerse Fae
25%
GK Mohamed Kone
25%
FW Oumar Diakite
25%
MF Parfait Guiagon
25%
No matching quizzes found
Score Distribution
Percent of People with Each Score
Percentile by Number Answered
Your Score History
You have not taken this quiz